000 00659nam a2200253Ia 4500
003 OSt
005 20221005122841.0
006 a|||||r|||| 00| 0
007 ta
008 221004b |||||||| |||| 00| 0 tel d
024 _a39996
037 _cTextual
040 _aCRL
_cCRL
_btel
041 _2tel
_atel
082 _aO15,3E60,1, 155M0.1-.3
100 _aBhavy H.A. Tr.
_9632724
245 0 _aKathasaritsagar
260 _c1980
300 _a454p.
_ccm.
650 _a SANSKRIT LITERATURE
650 _aMARATHI LITERATURE
_938000
942 _hO15,3E60,1, 155M0.1-.3
_cTEXL
_2cc
999 _c1045602
_d1045602